| 000 | 00724nam a22001937a 4500 | ||
|---|---|---|---|
| 999 |
_c13813 _d13813 |
||
| 008 | 190417b ||||| |||| 00| 0 eng d | ||
| 020 | _a9781119010319 | ||
| 082 |
_22015 _aAV-Eb 657.8350218 _bP818 |
||
| 100 |
_aPontoppidan,Caroline Aggestam. _938392 |
||
| 245 |
_aInterpretation and application of IPSAS/ _cCaroline Aggestam-Pontoppidan and Isabelle Andernack. |
||
| 250 | _aFirst Edition | ||
| 260 |
_bJohn Wiley & Sons, Incorporated, _c©2015. |
||
| 300 | _a466 pages; | ||
| 440 |
_aWiley Regulatory Reporting Ser. _938393 |
||
| 500 | _aIncludes index. | ||
| 700 |
_aAndernack,Isabelle. _938394 |
||
| 856 | _yhttps://ebookcentral.proquest.com/lib/uniofmindanao-ebooks/detail.action?docID=4107722 | ||
| 942 |
_2ddc _cEB |
||